000
00225nam a22000857a 4500
999
_c
11117
_d
11117
008
180919b ||||| |||| 00| 0 eng d
100
_a
Teitelabaum,M.
_9
6884
245
_a
Martin Luther King Jr
260
_a
New Delhi
_b
Campfire
_c
2016